Random Famous People by Country - Statistics

General Stats
  • This quiz has been taken 710 times
  • The average score is 14 of 30
Answer Stats
Country Clue Person % Correct
Italy "Mona Lisa" painter Leonardo da Vinci
100%
Germany History's most infamous German Adolf Hitler
96%
Italy Fascist dictator Benito Mussolini
96%
Cuba Dictator and cigar aficionado Fidel Castro
96%
France French President since 2017 Emmanuel Macron
95%
France Corsican conqueror of Europe Napoleon
95%
Germany Composer of "Moonlight Sonata" who went deaf Ludwig van Beethoven
92%
South Africa President who was jailed for 27 years in Robben Island Nelson Mandela
92%
United States World's richest person until 2017 Bill Gates
91%
United States Refused to give up her bus seat Rosa Parks
91%
Russia Current President Vladimir Putin
91%
Canada Singer with over 90 million Twitter followers Justin Bieber
90%
Canada Prime Minister since 2015 Justin Trudeau
90%
Egypt Lover of Caesar and Mark Antony Cleopatra
89%
United States "King of Rock and Roll" Elvis Presley
89%
United States Military general who became the First President George Washington
89%
Colombia Her hips don't lie Shakira
89%
Sweden Group whose songs are sung in "Mamma Mia!" ABBA
88%
Jamaica Most famous Reggae singer Bob Marley
88%
Israel Founder of Christianity Jesus
88%
Jamaica The fastest sprinter of all time Usain Bolt
88%
Netherlands WWII attic diarist Anne Frank
87%
Canada "My Heart Will Go On" singer Celine Dion
87%
Italy Genovese explorer who "Discovered" the New World Christopher Columbus
87%
Portugal Most famous footballer Cristiano Ronaldo
87%
France Warrior, burned at the stake Joan of Arc
86%
Argentina Six-time Ballon d'Or winner Lionel Messi
86%
Germany First female Chancellor Angela Merkel
85%
India Leader of Indian Independence Mahatma Gandhi
85%
Germany Protestant Reformation starter Martin Luther
85%
England "The Virgin Queen" Elizabeth I
84%
Saudi Arabia Prophet born in Mecca in 570 AD who founded Islam Muhammad
84%
Netherlands Painter of "The Starry Night" who cut his ear off Vincent van Gogh
84%
United States Aviatrix who disappeared in 1937 Amelia Earhart
83%
Japan Emperor during the World War II Hirohito
83%
Brazil Only player to have won three World Cups Pelé
82%
Romania Count inspired by the above Count Dracula
81%
Canada "Titanic" and "Avatar" director James Cameron
81%
Poland The only Polish pope John Paul II
79%
Israel Slew Goliath King David
79%
Austria Guillotined wife of Louis XVI Marie Antoinette
79%
Poland Radiation researcher Marie Curie
79%
Albania Nobel Peace Prize-winning nun Mother Teresa
79%
Austria Father of psychoanalysis Sigmund Freud
79%
Japan Wife of John Lennon Yoko Ono
79%
Sweden Peace Prize namesake Alfred Nobel
78%
Argentina Pope born in Argentina Francis
78%
Serbia Alternating Current inventor Nikola Tesla
78%
Romania Medieval ruler known for impaling his enemies Vlad the Impaler
78%
Germany "Das Kapital" Karl Marx
77%
China "Great Leap Forward" Mao Zedong
77%
Greece Philosopher who drank hemlock Socrates
77%
England Singer of "Hello" and "Rolling in the Deep" Adele
76%
Kenya Father of a U.S. President Barack Obama Sr.
76%
Austria Composer of "The Magic Flute" and "Turkish March" Wolfgang Amadeus Mozart
76%
Russia "Great" female tsar Catherine II
75%
Argentina Scored the "Goal of the Century" Diego Maradona
75%
Ireland Lead singer of U2 Bono
74%
Denmark Shakespearean Danish Prince Hamlet
74%
Greece Conqueror of Persia Alexander
73%
England "Iron Lady" Margaret Thatcher
73%
South Korea "Gangnam Style" rapper PSY
73%
Iraq Dictator of Iraq, 1979-2003 Saddam Hussein
72%
Mexico Unibrowed painter Frida Kahlo
71%
Ireland "Taken" and "Schindler's List" star Liam Neeson
70%
Colombia Drug lord of Medellín Pablo Escobar
70%
Serbia "Benevolent dictator" of Yugoslavia, 1953-80 Josip Broz Tito
69%
Scotland 16th century Queen of Scots Mary
69%
Russia First Premier of the USSR Vladimir Lenin
69%
China Most famous philosopher Confucius
68%
India Siddhārtha Gautama Buddha
67%
Argentina Marxist revolutionary murdered in Bolivia in 1967 Che Guevara
67%
Ukraine Exiled Soviet leader assassinated in Mexico Leon Trotsky
67%
Belgium King who owned / misused Congo Leopold II
67%
France "Les Misérables" Victor Hugo
67%
Turkey President since 2014 Recep Erdoğan
66%
Venezuela "Liberator" of South America Simón Bolívar
66%
South Korea Today's most popular boy band BTS
65%
Denmark Fairy tale writer H.C. Andersen
65%
Belgium Loinclothed, high-kicking martial artist, aka JCVD Jean-Claude Van Damme
63%
France Fashion designer who collaborated with the Nazis Coco Chanel
62%
Portugal Explorer who started world's first circumnavigation Ferdinand Magellan
62%
Spain 20th century dictator Francisco Franco
62%
England Lord Protector of England, 1653-58 Oliver Cromwell
62%
Spain "King of Clay" tennis player Rafael Nadal
62%
Wales Real Madrid paid £85 million for him Gareth Bale
61%
Belgium Fictional detective Hercule Poirot
60%
Turkey Founding father of the modern Republic of Turkey Mustafa Kemal Atatürk
60%
Switzerland 20x tennis Grand Slam winner Roger Federer
60%
Kenya Child of Mufasa and Sarabi Simba
60%
Spain Queen who ruled with Ferdinand Isabella
59%
Australia The Crocodile Hunter Steve Irwin
59%
Norway He painted "The Scream" Edvard Munch
58%
England Director of "Psycho" Alfred Hitchcock
57%
Wales "Matilda" and "The BFG" author Roald Dahl
57%
D.R. Congo He swings from vine to vine Tarzan
57%
Haiti Dictator known as "Papa Doc" François Duvalier
56%
Ireland Author of "Ulysses" James Joyce
56%
Serbia Winner of 17 tennis Grand Slams Novak Djokovic
56%
Ireland Victorian playwright sentenced to hard labour for being gay Oscar Wilde
56%
Colombia Buxom star of "Modern Family" Sofía Vergara
56%
Scotland Discovered penicillin Alexander Fleming
55%
Sweden Won Wimbledon 5 straight times Björn Borg
55%
Israel "Wonder Woman" Gal Gadot
55%
Brazil Supermodel married to Tom Brady Gisele Bündchen
55%
Poland Creator of the heliocentric model of the solar system Nicolaus Copernicus
55%
Brazil 3-time F1 champion died in 1994 Ayrton Senna
53%
Australia Actor who played the Joker Heath Ledger
53%
New Zealand "Lord of the Rings" director Peter Jackson
53%
Ireland World's best-selling Celtic singer Enya
52%
Czech Republic "The Metamorphosis" author Franz Kafka
52%
Israel Israel's first female Prime Minister Golda Meir
52%
Wales First Tudor King Henry VII
52%
Iran Leader of the 1979 revolution Ruhollah Khomeini
52%
Wales British officer who helped Arabs revolt in WWI T. E. Lawrence
52%
Portugal Sailed from Europe to India Vasco da Gama
51%
Chile Chilean dictator, 1974-1990 Augusto Pinochet
50%
South Africa Nobel Prize winning bishop Desmond Tutu
50%
Norway Discovered Greenland Erik the Red
50%
Russia "Crime and Punishment" Fyodor Dostoevsky
50%
Russia Photogenic winner of 5 tennis Grand Slam titles Maria Sharapova
50%
New Zealand "Gladiator" actor Russell Crowe
50%
Ethiopia Last Emperor of Ethiopia Haile Selassie
48%
Poland Solidarity leader and President Lech Wałęsa
48%
Egypt Liverpool FC forward Mohamed Salah
48%
India Author of "The Satanic Verses" Salman Rushdie
48%
Japan Longest-serving Prime Minister Shinzo Abe
48%
Italy "Marriage Italian-Style" actress Sophia Loren
48%
Canada "The Great One" Wayne Gretzky
48%
Switzerland Folk hero and apple shooter William Tell
48%
New Zealand Legendary mountain climber who died in 2008 Edmund Hillary
47%
Philippines Former first lady / shoe collector Imelda Marcos
47%
New Zealand Teenage singer, sang "Royals" Lorde
47%
Ukraine Voice of Family Guy's Meg Mila Kunis
47%
South Africa "Monster" actress Charlize Theron
46%
Pakistan Youngest Nobel Prize winner Malala Yousafzai
46%
Spain Author of history's first modern novel, "Don Quixote" Miguel de Cervantes
46%
Mexico Aztec emperor killed in 1520 Moctezuma II
46%
Sweden Female lead in "Casablanca" Ingrid Bergman
45%
China "Charlie's Angels"/ "Kill Bill" actress Lucy Liu
45%
Scotland Hero portrayed in "Braveheart" William Wallace
45%
Cuba Half of her "heart is in Havana" Camila Cabello
44%
Argentina Popular First Lady of the 1950s Eva Perón
44%
Venezuela Popular President, 1999–2012 Hugo Chávez
44%
Nigeria Soulful "Smooth Operator" singer Sade
44%
Iraq Sailor of the seven seas Sinbad
44%
Pakistan Only female Prime Minister Benazir Bhutto
42%
Hungary "Hungarian Rhapsody" Franz Liszt
42%
Peru Friendly bear from "darkest Peru" Paddington Bear
42%
Hungary Prime Minister since 2010 Viktor Orbán
42%
Scotland Creator of Sherlock Holmes, first mentioned it in "A Study in Scarlet" Arthur Conan Doyle
41%
Serbia Franz Ferdinand assassin Gavrilo Princip
41%
Australia "Neighbours" actress and "Showgirl" singer Kylie Minogue
41%
Romania Most famous gymnast Nadia Comăneci
41%
Venezuela President of Venezuela, 2013– Nicolás Maduro
41%
Iraq "An eye for an eye" king Hammurabi
40%
Switzerland Goat-herding girl of the Alps Heidi
40%
Switzerland e = 2.71828... Leonhard Euler
40%
Iraq Architect who shares her last name with a famous Gigi Zaha Hadid
40%
Austria Symbolist painter of "The Kiss" Gustav Klimt
39%
Wales Legendary mythical king King Arthur
39%
Ethiopia He is a "Starboy" The Weeknd
39%
Iran King who invaded Greece Xerxes the Great
39%
Hungary Actress who married 9-times Zsa Zsa Gábor
39%
Algeria Famous footballer named Karim Karim Benzema
38%
Spain Javier Bardem's wife Penélope Cruz
38%
Norway Led the first expedition to the South Pole Roald Amundsen
38%
Greece Lesbian poet, circa 600 B.C. Sappho
38%
Belgium Current Real Madrid number 7 Eden Hazard
37%
Colombia Footballer known as "James" James Rodríguez
37%
Ukraine Famous boxing brothers Klitschko Brothers
37%
Philippines Most famous boxer Manny Pacquiao
37%
Kenya First President of Kenya Jomo Kenyatta
36%
Italy Radio pioneer Guglielmo Marconi
35%
Finland "Finlandia" composer Jean Sibelius
35%
Australia WikiLeaks leader Julian Assange
35%
Ethiopia Oldest human fossil Lucy
35%
South Korea Self-proclaimed religious messiah who died in 2012 Sun Myung Moon
35%
Scotland Young Obi-Wan Kenobi actor Ewan McGregor
34%
Egypt President who was overthrown during Arab Spring in 2011 Hosni Mubarak
33%
India Sitarist who collaborated with George Harrison Ravi Shankar
33%
South Africa Zulu warrior king Shaka
33%
Kenya "12 Years a Slave" actress Lupita Nyong'o
32%
Haiti Fugees singer of "Sweetest Girl" Wyclef Jean
32%
Greece Jackie Kennedy's 2nd husband Aristotle Onassis
31%
Greece Painter who relocated to Toledo, Spain El Greco
31%
Mexico One name singer, killed in 1995 Selena
31%
Jamaica Rapper who got caught cheating and said "it wasn't me" Shaggy
31%
Egypt President assassinated in 1981 Anwar Sadat
30%
Colombia Author of "One Hundred Years of Solitude" Gabriel García Márquez
30%
Chile Portrays "The Mandalorian" Pedro Pascal
30%
Israel Peace Prize-winning leader assassinated in 1995 Yitzhak Rabin
30%
Netherlands "Discovered" New Zealand Abel Tasman
29%
Saudi Arabia Founder of Saudi Arabia Ibn Saud
29%
South Africa Former president, 2009-18 Jacob Zuma
29%
Australia First and only female PM Julia Gillard
29%
Finland F1 World Champion in 2007 Kimi Räikkönen
29%
Saudi Arabia He lost citizenship in 1994 Osama bin Laden
29%
Netherlands "The Night Watch" painter Rembrandt
29%
Turkey "Magnificent" Ottoman sultan Suleiman I
29%
Denmark Explorer and namesake of a strait Vitus Bering
29%
Taiwan Director of "Life of Pi" Ang Lee
28%
Taiwan Kuomintang leader Chiang Kai-shek
28%
Poland "Minute Waltz" composer Frédéric Chopin
28%
Portugal 2000-01 footballer of the year Luìs Figo
28%
Serbia First President, 1991-97 Slobodan Milošević
28%
South Korea Former UN General-Secretary Ban Ki-Moon
27%
Pakistan Lawyer who is considered as Founder of Pakistan Muhammad Ali Jinnah
27%
Brazil "Fruit Hat Lady" Carmen Miranda
26%
China Led China towards a market economy from 1978 to 1992 Deng Xiaoping
26%
Cuba Latin band leader and husband of Lucille Ball Desi Arnaz
26%
Cuba Dictator overthrown in 1959 Fulgencio Batista
26%
Cuba Miami Sound Machine singer Gloria Estefan
26%
Finland Hard rock band that won the 2006 Eurovision Lordi
26%
Czech Republic World number one female tennis player in the late 70s Martina Navrátilová
26%
Netherlands Exotic dancer executed for spying Mata Hari
26%
Albania Singer of "New Rules" Dua Lipa
25%
Nigeria NBA plater known as "The Dream" Hakeem Olajuwon
25%
Chile Poet and 1971 Nobel Prize winner Pablo Neruda
25%
Iran Founder of Achaemenid Empire Cyrus the Great
24%
Hungary Billionaire who is frequently blamed for all the world's ills George Soros
24%
Taiwan Basketball player who sparked "insanity" in New York Jeremy Lin
24%
Brazil Popular President, 2002-11 Lula da Silva
24%
Denmark Existential philosopher who wrote "Either/Or" Søren Kierkegaard
24%
Haiti Leader of the Haitian Revolution Toussaint Louverture
24%
Saudi Arabia His successor (to Shias) Ali
23%
Czech Republic "New World Symphony" composer Antonín Dvořák
23%
D.R. Congo Played 18 seasons in NBA Dikembe Mutombo
23%
Norway "A Doll's House" playwright Henrik Ibsen
23%
China 7'6" basketball player Yao Ming
23%
Egypt History's first architect and doctor Imhotep
22%
Jamaica "Got 2 Luv U" and "No Lie" singer Sean Paul
22%
Algeria Author of "The Stranger" Albert Camus
21%
Iran Great king who ruled the empire at its greatest extent Darius the Great
21%
Austria Scarred F1 driver Niki Lauda
21%
Algeria Football national team captain Riyad Mahrez
21%
Iran Prophet also called Zarathustra Zoroaster
21%
Ukraine Winner of Ballon d'Or in 2004 Andriy Shevchenko
20%
Pakistan Prime Minister since 2018 Imran Khan
19%
Romania Last king of Romania Michael
19%
Denmark Current monarch Margrethe II
18%
Hungary First king of Hungary Stephen I
18%
Japan Creator of "Spirited Away" and "My Neighbor Totoro" Hayao Miyazaki
17%
Japan Seattle Mariners baseball icon Ichiro Suzuki
17%
Mexico Mexican general who raided the U.S. in 1916 Pancho Villa
17%
Belgium Painter who says what a pipe isn't René Magritte
17%
Peru Retired striker of Bayern Munich Claudio Pizarro
16%
Switzerland Philosopher who influenced the French Revolution Jean-Jacques Rousseau
16%
Czech Republic "Cuckoo's Nest" director Miloš Forman
16%
Philippines Controversial current President Rodrigo Duterte
16%
Czech Republic Writer and President, 1993-2003 Václav Havel
16%
India "Great" Mauryan Emperor Ashoka
15%
Sweden Author of the "Millennium" series Stieg Larsson
15%
South Korea Figure skater called the “Queen” Yuna Kim
15%
Mexico World's richest person, 2010-13 Carlos Slim
14%
New Zealand Father of nuclear physics Ernest Rutherford
14%
Turkey Main hero of Troy Hector
14%
Turkey Surgeon who appears on Oprah Mehmet Oz
14%
Saudi Arabia Monarch who died in 2015 Abdullah
13%
Portugal Current General-Secretary of UN António Guterres
13%
Jamaica "Slave to the Rhythm" singer Grace Jones
13%
Romania Communist leader, 1965-89 Nicolae Ceaușescu
13%
Ukraine 1994 figure skating champion Oksana Baiul
13%
Kenya World record holder in the marathon, with a time of 2:01:39 Eliud Kipchoge
12%
Philippines President during WWII, namesake of the biggest Manila suburb Manuel L. Quezon
11%
Chile "Warrior" Inter Milan midfielder Arturo Vidal
10%
Finland Linux operating system creator Linus Torvalds
10%
Ethiopia Barefoot Olympic marathoner Abebe Bikila
9%
Nigeria Actor playing Solomon Northup in "12 Years a Slave" Chiwetel Ejiofor
9%
Ethiopia Marathoner with almost the same name as the above Haile Gebrselassie
9%
Algeria Dictator since 1999 who was overthrown in 2019 Abdelaziz Bouteflika
8%
Albania Dictator of Albania, 1944-85 Enver Hoxha
8%
Albania "Hot Right Now" pop singer Rita Ora
8%
Algeria Bishop who wrote "Confessions" St. Augustine
8%
Taiwan Currency President of Taiwan Tsai Ing-wen
8%
Peru President who was convicted of human rights abuses Alberto Fujimori
6%
Venezuela Fashion designer who dresses the U.S. first ladies Carolina Herrera
6%
Nigeria Musician who popularised Afrobeat Fela Kuti
6%
Finland Creator of the "Moomins" Tove Jansson
6%
Philippines Actor-singer in Glee Charice
5%
Iraq King who conquered Judah Nebuchadnezzar
4%
Pakistan President who resigned in 2008 Pervez Musharraf
4%
Norway 3x Olympic figure skating champion Sonja Henie
4%
Peru Last Inca Emperor Atahualpa
3%
D.R. Congo Singer of "Bella" (2013) Maître Gims
3%
Venezuela Won 2012 baseball Triple Crown Miguel Cabrera
3%
D.R. Congo President of Zaire, 1965–1997 Mobutu Sese Seko
3%
Nigeria "Lotus Flower Bomb" rapper Wale
3%
D.R. Congo Utah Jazz NBA player Emmanuel Mudiay
0%
Haiti "Jamie Foxx Show" Fancy actress Garcelle Beauvais
0%
Peru Inca god of sun Inti
0%
Haiti Haiti's first democratically-elected President, in 1991 Jean-Bertrand Aristide
0%
Chile First Marxist to be democratically elected president Salvador Allende
0%
Albania Military commander who led a rebellion against the Ottomans Skanderbeg
0%
Taiwan Founder of Foxconn Terry Gou
0%
No matching quizzes found
Score Distribution
Percent of People with Each Score
Percentile by Number Answered
Your Score History
You have not taken this quiz